00463nam a2200157Ia 4500008004100000020001500041100002600056245001600082250001300098260001500111500002400126650003500150942000700185952009600192999001700288230524s9999 xx 000 0 und d a8189297252 aFaruqe Qurashi936609 0aAbdul Kalam a2 nd ed. bVijay Goal aQuantity Number: 1 aPersonality Development936610 cBK 00104070aTATCLbTATCLcGENd2023-05-24l1p44967r2025-07-08s2024-01-25w2023-05-24yBK c50663d50663